| 000 | 00779nam a2200277 a 4500 | ||
|---|---|---|---|
| 999 |
_c2489 _d2489 |
||
| 003 | PK-NaQUE | ||
| 005 | 20260127094432.0 | ||
| 008 | 260127b ||||| |||| 00| 0 eng d | ||
| 020 | _a0140620249 (paperback) | ||
| 020 | _a9780140624304 (paperback) | ||
| 040 | _cQUEST | ||
| 100 | 1 | _aCollins, Wilkie | |
| 245 | 1 | 4 | _aThe Woman in White / |
| 260 |
_a[S.l.] : _bPENGUIN CLASSICS, _c2007. |
||
| 300 | _a1 v. (unpaged) ; | ||
| 650 | _aEngland | ||
| 650 | _aInheritance and succession | ||
| 650 | _aPsychiatric hospital patients | ||
| 650 | _aArt teachers | ||
| 650 | _aCountry homes | ||
| 650 | _aNobility | ||
| 650 | _aDeception | ||
| 650 | _aManners and customs | ||
| 856 | 4 | 0 |
_uhttp://10.10.170.122:8080/browse/book/29259 _yDownload eBook |
| 942 |
_cBK _2ddc |
||